BIBLIOTHÈQUE DE LA MAISON DU MEXIQUE

Logo 1 Logo 2

El pensamiento de Avicena (notice nᵒ 12336)

détails MARC
000 -Sello discográfico
campo de control de longitud fija 00964nam a2200313 4500
005 - Identificación de versión
campo de control 20250925141647.0
035 ## - Otros números de control del sistema
Número de control del sistema 8424
099 ## - fechas locales
Tipo de ítem Koha LIBRO
100 ## - Datos de procesamiento general
Datos de procesamiento general 19930801d1965 m y1spay5003 ba
101 1# - Idioma del recurso
Idioma del texto, banda sonora, etc. Español; Castellano
Idioma de la obra original Inglés
105 ## - Campo de datos codificados: Material textual, monográfico
Datos codificados de monografía y 001zy
200 1# - Título y mención de responsabilidad
Título propio El pensamiento de Avicena
Designación general del material texto impreso
Primer mención de responsabilidad Soheil F. Afnan
Declaración de responsabilidad subsiguiente traducción de Vera Yamuni
205 ## - Declaración de edición
Declaración de edición 1a ed
210 ## - Publicación, distribución, etc.
Lugar de publicación, distribución, etc. México
Nombre del editor, distribuidor, etc. Fondo de Cultura Económica
Fecha de publicación, distribución, etc. 1965
215 ## - Descripción física
Designación de material específico y extensión del ítem 385 p
Dimensiones 17 cm
300 ## - Notas generales
Texto de la nota Incluye bibliografía escogida
345 ## - Nota de información de adquisición
Fuente de adquisición/dirección de la suscripción [OBSOLETO] Donación
410 #1 - Series
Título Breviarios del Fondo de Cultura Económica
Número de volumen 184
454 #1 - Traducción de
Título Avicenna, His Life and Works
600 ## - Nombre personal usado como materia
Elemento de entrada Avicena
Fechas 980-1037
Número Koha 19002
700 ## - Nombre personal - Responsabilidad primaria
Elemento de entrada Afnan
Parte del nombre distinta del elemento de entrada Soheil Muhsin
Fechas 1904-1990
Número Koha 19003
702 ## - Nombre personal - Responsabilidad secundaria
Elemento de entrada Yamuni Tabush
Parte del nombre distinta del elemento de entrada Vera
Fechas 1917-2003
Número Koha 19004
801 #0 - Fuente de origen
Agencia cm
900 ## -
-- 1/9137
900 ## -
-- 710934797\\010893
942 ## - ELEMENTOS DE ENTRADA SECUNDARIOS (KOHA)
Tipo de ítem Koha Livre
996 ## -
-- MEX
-- 751145101
-- MMAG
-- 004650
-- 082.1 B846 V.184
-- 20210422LIV
Exemplaires
Estatus retirado Estado de daño Estado de pérdida Fecha de adquisición Biblioteca de origen Biblioteca actual Ubicación en estantería Código de barras Precio de reemplazo Signatura topográfica completa No para préstamo Tipo de ítem Koha Nota pública Nota no pública
      05/08/2025 Casa México Paris Casa México Paris   004650 05/08/2025 082.1 B846 V.184   Livre 20210422LIV 751145101